Minecraft OST - Statistics

General Stats
  • This quiz has been taken 53 times
  • The average score is 35 of 76
Answer Stats
# Answer % Correct
18 Sweden
93%
19 Cat
86%
12 Dry Hands
79%
11 Mice On Venus
79%
13 Wet Hands
79%
37 Aria Math
75%
08 Minecraft
75%
06 Moog City
71%
20 Dog
68%
26 Alpha
64%
03 Subwoofer Lullaby
64%
01 Key
61%
30 Moog City 2
61%
43 The End
61%
52 Blocks
57%
44 Chirp
57%
14 Clark
57%
21 Danny
57%
04 Death
57%
49 Eleven
57%
46 Mellohi
57%
69 otherside
57%
47 Stal
57%
16 Thirteen
57%
02 Door
54%
07 Haggstrom
54%
51 Mall
54%
45 Wait
54%
22 Beginning
50%
15 Chris
50%
24 Droopy Likes Your Face
50%
67 Infinite Amethyst
50%
05 Living Mice
50%
41 Beginning 2
46%
31 Concrete Halls
46%
53 Far
46%
29 Flake
46%
09 Oxygène
46%
27 Dead Voxel
43%
23 Droopy Likes Ricochet
43%
10 Équinoxe
43%
36 Floating Trees
43%
48 Strad
43%
40 Taswell
43%
39 Ballad of the Cats
39%
28 Blind Spots
39%
42 Dreiton
39%
34 Haunt Muskie
39%
25 Ki
39%
50 Ward
39%
65 Ancestry
36%
17 Excuse
36%
59 Rubedo
36%
60 So Below
36%
35 Warmth
36%
57 Axolotl
32%
32 Biome Fest
32%
58 Chrysopoeia
32%
55 Dragon Fish
32%
76 Five
32%
54 Intro
32%
38 Kyoto
32%
64 Left To Bloom
32%
33 Mutation
32%
62 Pigstep (Stereo Mix)
32%
56 Shuniji
32%
63 Stand Tall
32%
73 Firebugs
29%
71 Comforting Memories
25%
70 Floating Dream
25%
66 Wending
25%
74 Aerie
21%
72 An Ordinary Day
18%
75 Labyrinthine
18%
68 One More Day
18%
61 Pigstep (Mono Mix)
18%
No matching quizzes found
Score Distribution
Percent of People with Each Score
Percentile by Number Answered
Your Score History
You have not taken this quiz